Canadian Musicians by Song Title - Statistics

General Stats
  • This quiz has been taken 123 times
  • The average score is 12 of 32
Answer Stats
Hint Answer % Correct
Summer of 69 Bryan Adams
84%
Tom Sawyer Rush
63%
Born to be Wild Steppenwolf
63%
Ironic Alanis Morissette
62%
Call Me Maybe Carly Rae Jepsen
59%
You Ain't Seen Nothing Yet Bachman-Turner Overdrive
49%
Yellow Taxi Cab Joni Mitchell
49%
Life is a Highway Tom Cochrane
49%
Still the One Shania Twain
47%
One Week Barenaked Ladies
45%
The Power of Love Celine Dion
44%
Hallelujah Leonard Cohen Or Rufus Wainright
44%
These Eyes The Guess Who
44%
Black Velvet Alannah Myles
41%
Never Say Never Justin Bieber
41%
Haven't Met You Yet Michael Buble
41%
Informer Snow
36%
If You Could Read my Mind (original) Gordon Lightfoot
35%
Constant Craving KD Lang
35%
Hey Hey, My My Neil Young
29%
The Weight The Band
29%
Raise a Little Hell Trooper
29%
Ahead by a Century The Tragically Hip
28%
1,2,3,4 Feist
26%
Wavin' Flag K'naan
22%
Insensitive Jann Arden
20%
Angel Sarah McLachlan
19%
Drinking In L.A. Bran Van 3000
17%
Let Your Backbone Slide Maestro Fresh Wes
15%
Best I Ever Had Drake
13%
5 Days in May Blue Rodeo
12%
Keep The Car Running Arcade Fire
7%
No matching quizzes found
Score Distribution
Percent of People with Each Score
Percentile by Number Answered
Your Score History
You have not taken this quiz